000 01310nam0a22003131 4500
001 v19\rc\1680475
005 20250619020430.0
035 _a(NLR Aleph) 004786378
090 _a4692524
_c4692524
100 _a20061002d1895 |||y0rusy50 ca
101 0 _arus
102 _aRU
105 _aa z |||||
200 1 _aМатериалы к вопросу о значении наследственности в инфекционных заболеваниях
_eДис. на степ. д-ра мед. П.В. Модестова
210 _aСанкт-Петербург
_c"Владимир." паровая типо-лит.
_d1895
215 _a136 с., 2 л. ил.
_d23
225 1 _aСерия докторских диссертаций, допущенных к защите в Военно-медицинской академии в 1894-95 академическом году
_v№ 60
320 _aБиблиогр.: с. 136 и в примеч.
700 1 _aМодестов
_bП.В.
_f1846-
_gПавел Викторович
801 0 _aRU
_bNLR
_gpsbo
801 0 _aRU
_bRuMoRGB
_2psbo
801 1 _aRU
_bProSoft-M
_2rusmarc
852 _aNLR
_j18.309.6.764
852 _aNLR
_j133/977
899 _aRuMoRGB
_jS 20/552
899 _aRuMoRGB
_jS 50/570
899 _aБАН
942 _cBOOK
980 _aNB